Click Modern Day Countries Of Nazi Germany On A Map - Statistics

General Stats
  • This quiz has been taken 81 times
  • The average score is 18 of 20
Answers on the Map
Answers color-coded by a green-red scale on the quiz's map according to % correct below.
 
Answer Stats
Answer % Correct
Belarus
95%
Belgium
95%
Denmark
95%
Estonia
94%
France
94%
Greece
94%
Lithuania
94%
Netherlands
94%
Norway
94%
Poland
94%
Russia
94%
Serbia
92%
Austria
90%
Germany
90%
Luxembourg
90%
Slovenia
90%
Ukraine
90%
Czech Republic
89%
Latvia
87%
Slovakia
86%
No matching quizzes found
Score Distribution
Percent of People with Each Score
Percentile by Number Answered
Your Score History
You have not taken this quiz